|
|
|
|
| LEADER |
00000nab a2200000 a 4500 |
| 001 |
vtls000695534 |
| 003 |
SK-MaSNL |
| 005 |
20260302180625.0 |
| 008 |
180205c1999 xo 0 slo |
| 015 |
|
|
|a SNBRB1999/06-16727
|
| 035 |
|
|
|a CLN000047701
|
| 040 |
|
|
|a SNKBUCL
|b slo
|c SNKBUCL
|e AACR2
|
| 041 |
0 |
|
|a slo
|
| 044 |
|
|
|a xo
|c SK
|
| 080 |
|
|
|a 373.54:282
|2 UDC-MRF-SK2
|
| 100 |
0 |
|
|a R.
|4 aut
|9 636179
|
| 245 |
1 |
0 |
|a Oslavy v Kláštore pod Znievom
|c [autor] R.
|
| 610 |
|
7 |
|a Gymnázium (Kláštor pod Znievom, Slovensko)
|2 snkbucl
|9 398918
|
| 655 |
|
7 |
|a články z novín a časopisov
|2 snkbucl
|9 267496
|
| 773 |
0 |
|
|x 0139-8512
|t Katolícke noviny
|g Roč. 114, č. 27 (1999), s. 2
|
| 850 |
|
|
|a Slovenská národná knižnica v Martine
|
| 852 |
|
|
|a SNK
|b KIS3GCP
|
| 958 |
|
|
|a RBX
|
| 999 |
|
|
|c 1411203
|d 1413133
|